Biblioteca "Ernesto Sabato"
Facultad de Derecho y Ciencias Sociales
Facultad de Lenguas
Universidad Nacional del Comahue

Los fundadores (Record no. 6627)

MARC details
000 -CABECERA
campo de control de longitud fija 00530cam a22002052a 4500
001 - NÚMERO DE CONTROL
campo de control 000787
003 - IDENTIFICADOR DEL NÚMERO DE CONTROL
campo de control AR-FADEU
008 - DATOS DE LONGITUD FIJA--INFORMACIÓN GENERAL
campo de control de longitud fija 311216n1979####xxu####################dd
092 ## - ASIGNACIÓN LOCAL DE SIGNATURA TOPOGRÁFICA DEWEY (OCLC)
Número de clasificación A860.1
Número de documento/Ítem C212
100 ## - ENTRADA PRINCIPAL--NOMBRE DE PERSONA
Nombre de persona del Barco Centenera, M.
245 ## - MENCIÓN DE TÍTULO
Título Los fundadores
260 ## - PUBLICACIÓN, DISTRIBUCIÓN, ETC. (PIE DE IMPRENTA)
Lugar de publicación, distribución, etc. Buenos Aires
260 ## - PUBLICACIÓN, DISTRIBUCIÓN, ETC. (PIE DE IMPRENTA)
Nombre del editor, distribuidor, etc. Centro Editor de América Latina
260 ## - PUBLICACIÓN, DISTRIBUCIÓN, ETC. (PIE DE IMPRENTA)
Fecha de publicación, distribución, etc. 1979
300 ## - DESCRIPCIÓN FÍSICA
Extensión 101 p
440 ## - MENCIÓN DE SERIE/PUNTO DE ACCESO ADICIONAL--TÍTULO
Título Capítulo, bibl. argentina fundamental
Número de parte o sección de la obra 6
650 ## - PUNTO DE ACCESO ADICIONAL DE MATERIA--TÉRMINO DE MATERIA
Término de materia o nombre geográfico como elemento inicial LITERATURA ARGENTINA-ANTOLOGIA
700 ## - PUNTO DE ACCESO ADICIONAL--NOMBRE DE PERSONA
Nombre de persona L., de Tejeda
942 ## - ELEMENTOS DE PUNTO DE ACCESO ADICIONAL (KOHA)
Tipo de ítem Koha BDGR
Holdings
Estado de retiro Estado de pérdida Estado dañado No para préstamo Localización permanente Ubicación/localización actual Fecha de adquisición Número de inventario Total de préstamos Signatura topográfica completa Código de barras Fecha visto por última vez Precio válido a partir de Tipo de ítem Koha
        Biblioteca Ernesto Sabato - FADECS - UNCOMA Biblioteca Ernesto Sabato - FADECS - UNCOMA 20/02/2017 15832   A860.1 C212 15832 20/02/2017 20/02/2017 BDGR
Facultad de Derecho y Ciencias Sociales | Universidad Nacional del Comahue | Mendoza y Perú General Roca | Río Negro CP (8332) | Patagonia Argentina | Teléfono: 54-0298-4433670 | | Fax: 0298-4432093 | Fax alumnos: 0298-4435700